Matrimonio e proceso: la sfida del progresso scientifico e tecnologico
Kaydedildi:
| Materyal Türü: | Kitap |
|---|---|
| Dil: | İtalyanca |
| Baskı/Yayın Bilgisi: |
Ciudad del Vaticano
Libreria Editrice Vaticana
2016
|
| Edisyon: | 1a. ed |
| Seri Bilgileri: | Annales, 1
|
| Konular: | |
| Etiketler: |
Etiketle
Etiket eklenmemiş, İlk siz ekleyin!
|
MARC
| LEADER | 00000cam a2200000 a 4500 | ||
|---|---|---|---|
| 001 | UCD6504 | ||
| 003 | CL-VaPUC | ||
| 008 | 161216e20160000vc |||||||||||||||||ita|d | ||
| 020 | |a 9788820997977 | ||
| 082 | 0 | 4 | |a 262.933 |b MAT |2 21 |
| 245 | 1 | 0 | |a Matrimonio e proceso: la sfida del progresso scientifico e tecnologico |
| 250 | |a 1a. ed | ||
| 300 | |a 312 p | ||
| 942 | |c BK | ||
| 945 | |d 20161216 10:21:00 |a dcastane | ||
| 260 | |a Ciudad del Vaticano |b Libreria Editrice Vaticana |c 2016 | ||
| 650 | 0 | |a Matrimonio católico |9 475723 | |
| 650 | 7 | |a DERECHO CANONICO |2 CL-VaPUC |9 590327 | |
| 583 | |a last modification |c 20161216 10:21:00 |k Rodrigo Vera | ||
| 490 | 0 | |a Annales, 1 | |
| 999 | |c 366812 |d 366810 | ||
| 952 | |0 0 |1 0 |3 erb |4 0 |6 262_933000000000000_MAT_2016 |7 0 |8 A |9 481356 |a BIBDER |b BIBDER |i 5356024 |o 262.933 MAT 2016 |p 5356024 |r 2023-01-25 |w 2019-11-24 |y BK |z Catalogado en:20161216 |k DER | ||